| 000 | 00568nam a2200205 4500 | ||
|---|---|---|---|
| 001 | 85647 | ||
| 003 | BD-RjUL | ||
| 005 | 20250907105352.0 | ||
| 008 | 250907s1962 pk ||||| |||| 00| 0 urd d | ||
| 035 | _a(BD-RjUL)85647 | ||
| 040 |
_aBD-RjUL _beng _cBD-RjUL |
||
| 041 | _aurd | ||
| 082 |
_223 _a891.43915 _bIQB 1962 |
||
| 245 |
_aاقبال كي پشیگوئیال ;; Iqbal 'ki Pashtogoyal / _cہاشمی ;; Hashemi |
||
| 250 | _a2nd. edition | ||
| 260 |
_aLahore : _bShikh Golam Ali, _c1962 |
||
| 300 |
_a160 p.'; _c21 cm |
||
| 650 | _aUrdu Poetry | ||
| 942 |
_2ddc _cBK |
||
| 999 |
_c85647 _d85647 |
||